SCWa/P and T (Record no. 104573)

MARC details
000 -LEADER
fixed length control field 01381cam a2200277 4500
001 - CONTROL NUMBER
control field ##L130770
008 - FIXED-LENGTH DATA ELEMENTS--GENERAL INFORMATION
fixed length control field 050825n2005 000 0 eng u
020 ## - INTERNATIONAL STANDARD BOOK NUMBER
International Standard Book Number 0418825009
035 ## - SYSTEM CONTROL NUMBER
System control number (Sirsi) u130770
041 0# - LANGUAGE CODE
Language code of text/sound track or separate title eng
050 04 - LIBRARY OF CONGRESS CALL NUMBER
Classification number 692.8 $2 18
110 2# - MAIN ENTRY--CORPORATE NAME
Corporate name or jurisdiction name as entry element Joint Contracts Tribunal
9 (RLIN) 3664
240 00 - UNIFORM TITLE
Uniform title SCWa/P and T 05
245 00 - TITLE STATEMENT
Title SCWa/P and T
Remainder of title Sub-Contractor Collateral Warranty for a Purchaser of Tenant 2005
260 ## - PUBLICATION, DISTRIBUTION, ETC.
Place of publication, distribution, etc. London
Name of publisher, distributor, etc. Sweet and Maxwell
Date of publication, distribution, etc. 2005
300 ## - PHYSICAL DESCRIPTION
Extent ii, 16p.
Dimensions 30cm.
350 ## - PRICE (NR) (BK AM CF MU VM SE) [OBSOLETE]
Price 18.95
490 ## - SERIES STATEMENT
Series statement JCT Subcontractor Collateral Warranty for a Purchaser or Tenant (2005 Edition)
520 ## - SUMMARY, ETC.
Summary, etc. May be given by a subcontract to a purchaser or tenant where the main works have been carried out under the JCT Standard Building Contract (2005 Edition), the JCT Intermediate Building Contract (2005 Edition), the JCT Intermediate Building Contract with Contractor's Design (2005 Edition) or the JCT Design and Build Contract (2005 Edition).
520 ## - SUMMARY, ETC.
Summary, etc. Supersedes JCT Sub-Contractor Collateral Warranty for a Purchaser or Tenant (2001 Edition) (J116259).
650 24 - SUBJECT ADDED ENTRY--TOPICAL TERM
Topical term or geographic name entry element JCT SUBCONTRACTOR COLLATERAL WARRANTY FOR A PURCHASER OF TENANT (2005 EDITION)
651 24 - SUBJECT ADDED ENTRY--GEOGRAPHIC NAME
Geographic name United Kingdom
Chronological subdivision
690 ## - LOCAL SUBJECT ADDED ENTRY--TOPICAL TERM (OCLC, RLIN)
Topical term or geographic name as entry element BUILT ENVIRONMENT-BUILDING CONTRACT FORMS-STANDARD FORMS OF BUILDING CONTRACT-JOINT CONTRACTS TRIBUNAL CONTRACTS
942 ## - ADDED ENTRY ELEMENTS (KOHA)
Suppress in OPAC 0
Holdings
Withdrawn status Lost status Source of classification or shelving scheme Damaged status Not for loan Home library Current library Shelving location Date acquired Cost, normal purchase price Total Checkouts Full call number Barcode Date last seen Copy number Cost, replacement price Price effective from Koha item type
    Dewey Decimal Classification     London London Boxed set 19/06/2006 10.52   JCT 2005/42 30072423 06/08/2019 1 10.52 06/08/2019 Reference material